General Trivia Sprint #3 - Statistics

General Stats
  • This quiz has been taken 8 times
    3 since last reset
  • The average score is 4 of 10
Answer Stats
Question Answer % Correct
Who is the shortest president in the history of the United States? James Madison
67%
What is considered the oldest republic in the world? San Marino
67%
What is the 2nd best High School in the United States Signature School
67%
What country has the cattle population per Capita? Uruguay
67%
What company is based in Evansville, Indiana? Berry
33%
Which diss track by Kendrick Lamar was written as a message to Drake's family? meet the grahams
33%
Which Formula One champion's father was a Formula One champion? Nico Rosberg
33%
What is the largest Canadian Province or Territory by total area? Quebec
33%
What is the best Poker hand? Royal Flush
33%
What disease has the lowest survival rate? Kuru
0%
No matching quizzes found
Score Distribution
Percent of People with Each Score
Percentile by Number Answered
Your Score History
You have not taken this quiz since the last reset